Rules of Thumb for Maintenance and Reliability Engineers / (Record no. 17353)
[ view plain ]
| 000 -LEADER | |
|---|---|
| fixed length control field | 00900cam a2200253 a 4500 |
| 001 - CONTROL NUMBER | |
| control field | 14843703 |
| 005 - DATE AND TIME OF LATEST TRANSACTION | |
| control field | 20130313115446.0 |
| 008 - FIXED-LENGTH DATA ELEMENTS--GENERAL INFORMATION | |
| fixed length control field | 070509s2008 ne a b 001 0 eng |
| 010 ## - LIBRARY OF CONGRESS CONTROL NUMBER | |
| LC control number | 2007019635 |
| 020 ## - INTERNATIONAL STANDARD BOOK NUMBER | |
| International Standard Book Number | 9780750678629 (pbk. : alk. paper) |
| 020 ## - INTERNATIONAL STANDARD BOOK NUMBER | |
| International Standard Book Number | 0750678623 (pbk. : alk. paper) |
| 082 00 - DEWEY DECIMAL CLASSIFICATION NUMBER | |
| Classification number | 620.00452 |
| Edition number | 22 |
| Item number | SMI |
| 100 1# - MAIN ENTRY--PERSONAL NAME | |
| Personal name | Smith, Ricky. |
| 9 (RLIN) | 32816 |
| 245 10 - TITLE STATEMENT | |
| Title | Rules of Thumb for Maintenance and Reliability Engineers / |
| Statement of responsibility, etc | Ricky Smith, R. Keith Mobley. |
| 246 30 - VARYING FORM OF TITLE | |
| Title proper/short title | Maintenance and reliability engineers |
| 260 ## - PUBLICATION, DISTRIBUTION, ETC. (IMPRINT) | |
| Place of publication, distribution, etc | Amsterdam ; |
| -- | Boston : |
| Name of publisher, distributor, etc | Elsevier/Butterworth-Heinemann, |
| Date of publication, distribution, etc | c2008. |
| 300 ## - PHYSICAL DESCRIPTION | |
| Extent | xiii, 320 p. : |
| Other physical details | ill. ; |
| Dimensions | 28 cm. |
| 504 ## - BIBLIOGRAPHY, ETC. NOTE | |
| Bibliography, etc | Includes bibliographical references and index. |
| 650 #0 - SUBJECT ADDED ENTRY--TOPICAL TERM | |
| Topical term or geographic name as entry element | Systems engineering |
| General subdivision | Management. |
| 9 (RLIN) | 32817 |
| 650 #0 - SUBJECT ADDED ENTRY--TOPICAL TERM | |
| Topical term or geographic name as entry element | Reliability. |
| 9 (RLIN) | 32818 |
| 653 ## - INDEX TERM--UNCONTROLLED | |
| Resource For college | |
| Arrived date list | March2013 |
| 700 1# - ADDED ENTRY--PERSONAL NAME | |
| Personal name | Mobley, R. Keith, |
| Dates associated with a name | 1943- |
| 9 (RLIN) | 32819 |
| 942 ## - ADDED ENTRY ELEMENTS (KOHA) | |
| Source of classification or shelving scheme | Dewey Decimal Classification |
| Item type | Book - Borrowing |
| Withdrawn status | Item status | Source of classification or shelving scheme | Damaged status | Not for loan | Vendor | Home library | Current library | Shelving location | Date acquired | Source of acquisition | Total Checkouts | Total Renewals | Full call number | Barcode | Date last seen | Date last borrowed | Koha item type |
|---|---|---|---|---|---|---|---|---|---|---|---|---|---|---|---|---|---|
| Dewey Decimal Classification | Baccah | Central Library | Central Library | First floor | 13/03/2013 | 2 | 13 | 620.00452 SMI | 000028471 | 15/07/2025 | 07/03/2016 | Book - Borrowing | |||||
| Dewey Decimal Classification | Baccah | Central Library | Central Library | First floor | 13/03/2013 | 1 | 1 | 620.00452 SMI | 000028472 | 15/07/2025 | 10/02/2016 | Book - Borrowing | |||||
| Dewey Decimal Classification | Baccah | Central Library | Central Library | First floor | 13/03/2013 | 3 | 620.00452 SMI | 000028473 | 15/07/2025 | 06/03/2019 | Book - Borrowing |